Largest Cities on Islands by Map - Statistics

General Stats
  • This quiz has been taken 87 times
  • The average score is 16 of 18
Answers on the Map
Answers color-coded by a green-red scale on the quiz's map according to % correct below.
 
Answer Stats
Population Answer % Correct
14.9 mil London
100%
41 mil Tokyo
99%
29.2 mil Jakarta
98%
27.2 mil Manila
98%
17.7 mil Osaka
96%
3.15 mil Manchester
95%
3.62 mil Port-au-Prince
93%
7.85 mil Singapore
93%
9.95 mil Taipei
93%
3.25 mil Birmingham
91%
27.1 mil Mumbai
91%
3.85 mil Santo Domingo
90%
4.92 mil Colombo
89%
3.05 mil Antananarivo
84%
10.5 mil Nagoya
78%
6.95 mil Bandung
70%
5.9 mil Surabaya
68%
4.2 mil Medan
48%
No matching quizzes found
Score Distribution
Percent of People with Each Score
Percentile by Number Answered
Your Score History
You have not taken this quiz